|
|
|
|
| LEADER |
01778nam a2200349 a 4500 |
| 001 |
17958 |
| 003 |
BD-DhAAL |
| 008 |
090331s2009 enka b 001 0 eng d |
| 020 |
|
|
|a 0230537545 (hbk.)
|
| 020 |
|
|
|a 9780230537545 (hbk.)
|
| 020 |
|
|
|a 0230537553 (pbk.)
|
| 020 |
|
|
|a 9780230537552 (pbk.)
|
| 040 |
|
|
|c UKM
|d BTCTA
|d BAKER
|d YDXCP
|d BWK
|d BWKUK
|d BWX
|d CDX
|d OCLCQ
|d IXA
|d AZS
|d BD-DhAAL
|
| 082 |
0 |
0 |
|a 720.92
|2 21
|
| 100 |
1 |
|
|a Case, Sue-Ellen.
|9 40976
|
| 245 |
1 |
0 |
|a Feminist and queer performance :
|b critical strategies /
|c Sue-Ellen Case.
|
| 260 |
|
|
|a Basingstoke [England] ;
|a New York :
|b Palgrave Macmillan,
|c 2009.
|
| 300 |
|
|
|a viii, 198 pages ;
|c 23 cm.
|
| 504 |
|
|
|a Includes bibliographical references and index.
|
| 526 |
|
|
|a ENH
|x Sohana Manzoor
Faculty Member of BRAC University
Course No. : ENG 366
|
| 541 |
1 |
|
|e 17958, 17959
|a D. S. Books International
|
| 650 |
0 |
0 |
|a Feminist theater.
|9 40977
|
| 650 |
0 |
0 |
|a Feminist drama
|x History and criticism.
|9 40978
|
| 650 |
0 |
0 |
|a Homosexuality and theater.
|9 40979
|
| 650 |
0 |
0 |
|a Homosexuality in the theater.
|9 40980
|
| 650 |
0 |
0 |
|a Feminist criticism.
|9 40981
|
| 650 |
0 |
0 |
|a Queer theory.
|9 40982
|
| 852 |
4 |
|
|a Ayesha Abed Library
|c General Stacks
|
| 942 |
|
|
|2 ddc
|c BK
|
| 999 |
|
|
|c 68
|d 68
|
| 952 |
|
|
|0 0
|1 0
|2 ddc
|4 0
|6 720_920000000000000_CAS
|7 0
|9 60
|a BRACUL
|b BRACUL
|c GEN
|d 2009-04-28
|e D. S. Books International
|g 2088.00
|l 1
|m 7
|o 720.92 CAS
|p 3010017959
|r 2013-12-26
|s 2013-11-21
|t 2
|w 2009-04-28
|y BK
|x Requisitioned by Sohana Manzoor for the course no. ENG 366 ; £18.99
|
| 952 |
|
|
|0 0
|1 0
|2 ddc
|4 0
|6 720_920000000000000_CAS
|7 0
|9 14030
|a BRACUL
|b BRACUL
|c GEN
|d 2011-01-20
|e D. S. Books International
|l 2
|m 30
|o 720.92 CAS
|p 3010017958
|r 2019-09-29
|s 2019-01-21
|t 1
|w 2011-01-20
|y BK
|x Requisitioned by Sohana Manzoor for the course no. ENG 366 ; £18.99
|